| 000 | 00580ntm a22002057a 4500 | ||
|---|---|---|---|
| 005 | 20160405102648.0 | ||
| 008 | 160405b xxu||||| |||| 00| 0 spa d | ||
| 041 | _aeng | ||
| 082 | _a972.860.1 | ||
| 110 |
_aFundación Coordinadora de Pastoral Aborigen _97599 |
||
| 245 | _aPueblos indígenas de Costa Rica: historia y situación actual | ||
| 250 | _a2 edición | ||
| 260 |
_aCosta Rica _bFUNCOOPA _c1999 |
||
| 300 | _a76 páginas | ||
| 650 |
_aINDIOS DE COSTA RICA _97570 |
||
| 650 |
_aINDIOS _97600 |
||
| 650 |
_aHISTORIA _943 |
||
| 650 |
_aINDÍGENAS _97550 |
||
| 942 | _cBK | ||
| 999 |
_c7897 _d7897 |
||